000 00805nam a22002412 4500
001 0000004433
005 20151217145808.0
008 070523s xx 000 0 eng d
020 _a0471305340 :
040 _aKABU
_cKABU
050 0 _aQA76.9
_b.D3W37 1996
100 1 _aWatson, Richard T.
_@0000154995
245 1 0 _aData management :
_ban organizational perspective /
_cRichard T. Watson.
260 _aNew York :
_bJohn Wiley & Sons,
_cc1996.
300 _axx, 568 p.
650 0 _aDatabase management.
_@0000148184
650 0 _aManagement information systems.
_@0000148209
908 _a070523
950 _@1
999 _c2679
_d2679